000 00597nam a2200229Ia 4500
003 OSt
005 20220918203249.0
006 a|||||r|||| 00| 0
007 ta
008 220917b |||||||| |||| 00| 0 eng d
024 _a107,111
037 _cTextual
040 _aARTS
_cARTS
_beng
041 _2eng
_aeng
082 _aV3,21wN1, L8
100 _aHellicar Elieen
_9107636
245 0 _aPrime Ministers of Britain
260 _aLondon
_bDavid And Charles
_c1978
650 _aHISTORY
942 _hV3,21wN1, L8
_cTEXL
_2CC
999 _c230469
_d230469